| 000 | 00699nam a22002057a 4500 | ||
|---|---|---|---|
| 005 | 20081020143614.0 | ||
| 008 | 081020t xxu||||| |||| 00| 0 eng d | ||
| 010 | _aENG-84466 | ||
| 020 | _a8178841819 | ||
| 020 | _c600.00 (hb) | ||
| 035 | _aEN-67999 | ||
| 082 | _a327.5405491 / MAS | ||
| 100 | _aMasood Ali | ||
| 245 |
_aPerspectives on Indo-Pak relation / _cby Masood Ali |
||
| 260 |
_aNew Delhi _bCyber Tech Publications |
||
| 260 | _c2006 | ||
| 300 |
_a238p _c22cm |
||
| 942 |
_2ddc _cEN _h327.5405491 _m MAS |
||
| 999 |
_c17774 _d17774 |
||